[Event "Brno op 10th"]
[Site "Brno"]
[Date "2021.11.22"]
[Round "3"]
[White "Gurack, Daniel"]
[Black "Tajovsky, Matej"]
[Result "0-1"]
[WhiteElo "2076"]
[BlackElo "2113"]
[PlyCount "68"]
[EventDate "2021.11.20"]
[EventType "swiss"]
[EventRounds "9"]
[EventCountry "CZE"]
[SourceTitle "CBM 205 Extra"]
[Source "ChessBase"]
[SourceDate "2022.01.31"]
[SourceVersion "1"]
[SourceVersionDate "2022.01.31"]
[SourceQuality "1"]

1. e4 c5 2. Nf3 e6 3. c3 Nf6 4. e5 Nd5 5. d4 cxd4 6. cxd4 d6 7. Bb5+ Bd7 8. Bxd7+ Nxd7 9. 0-0 Qc7 10. Qe2 Rc8 11. Bd2 dxe5 12. dxe5 Be7 13. Nc3 Nxc3 14. Bxc3 0-0 15. Rac1 Nb6 16. h3 Nd5 17. Qe4 b5 18. Bd2 Qb6 19. Ng5 g6 20. Qh4 h5 21. g4 Qd4 22. Rcd1 Rc2 23. Qg3 Rxd2 24. Nf3 Rxd1 25. Nxd4 Rxd4 26. Rc1 Bg5 27. Rc2 Rd8 28. gxh5 Bf4 29. Qf3 Bxe5 30. hxg6 Nf4 31. gxf7+ Kxf7 32. Re2 Rg8+ 33. Kh1 Rd1+ 34. Kh2 Rg2+ 0-1

[Event "Brno op 10th"]
[Site "Brno"]
[Date "2021.11.21"]
[Round "2"]
[White "Strapec, Lukas"]
[Black "Gurack, Daniel"]
[Result "1/2-1/2"]
[WhiteElo "1868"]
[BlackElo "2076"]
[PlyCount "119"]
[EventDate "2021.11.20"]
[EventType "swiss"]
[EventRounds "9"]
[EventCountry "CZE"]
[SourceTitle "CBM 205 Extra"]
[Source "ChessBase"]
[SourceDate "2022.01.31"]
[SourceVersion "1"]
[SourceVersionDate "2022.01.31"]
[SourceQuality "1"]

1. d4 e6 2. c4 Nf6 3. Nc3 Bb4 4. Qc2 c5 5. dxc5 Qc7 6. a3 Bxc5 7. e3 a6 8. b4 Be7 9. Nf3 b6 10. Bb2 Bb7 11. Be2 d6 12. 0-0 0-0 13. Rac1 Nbd7 14. e4 Rac8 15. Bd3 Rfe8 16. Rfe1 Ng4 17. Na4 Bf6 18. h3 Nge5 19. Nxe5 Bxe5 20. Bxe5 Nxe5 21. f4 Nxd3 22. Qxd3 f5 23. exf5 Qc6 24. Qf3 Qxf3 25. gxf3 exf5 26. Nxb6 Rxe1+ 27. Rxe1 Rc7 28. Re6 Bxf3 29. Rxd6 h6 30. c5 Re7 31. Kf2 Bh1 32. c6 Rc7 33. Rd8+ Kh7 34. Rc8 Rxc6 35. Rxc6 Bxc6 36. Nc4 g5 37. Nd6 Kg6 38. Kg3 Kf6 39. Nc4 Ke6 40. Ne3 Be4 41. Nc4 Bd3 42. Ne5 Bf1 43. h4 Be2 44. Nc6 gxh4+ 45. Kxh4 Kd5 46. Ne7+ Ke4 47. Kg3 Bd3 48. Ng8 h5 49. Nf6+ Kd4 50. a4 Kc3 51. b5 Bxb5 52. axb5 axb5 53. Nd5+ Kd4 54. Nb4 Ke4 55. Nc2 h4+ 56. Kxh4 Kxf4 57. Kh3 Ke4 58. Kg3 Kd3 59. Nb4+ Ke3 60. Nc2+ 1/2-1/2

[Event "Liberec op 18th"]
[Site "Liberec"]
[Date "2018.03.01"]
[Round "7"]
[White "Vitak, Jiri"]
[Black "Gurack, Daniel"]
[Result "1/2-1/2"]
[WhiteElo "1968"]
[BlackElo "2084"]
[PlyCount "129"]
[EventDate "2018.02.24"]
[EventType "swiss"]
[EventRounds "9"]
[EventCountry "CZE"]
[SourceTitle "CBM 183 Extra"]
[Source "ChessBase"]
[SourceDate "2018.04.19"]
[SourceVersion "1"]
[SourceVersionDate "2018.04.19"]
[SourceQuality "1"]

1. d4 e6 2. c4 Nf6 3. Nf3 Be7 4. g3 b6 5. Bg2 Bb7 6. 0-0 0-0 7. Nc3 Ne4 8. Qc2 f5 9. Ne5 d5 10. cxd5 exd5 11. Be3 c6 12. Rac1 Qe8 13. Qb3 Kh8 14. Nxe4 fxe4 15. f3 exf3 16. exf3 Nd7 17. f4 Nxe5 18. fxe5 Qd7 19. Qd3 Qe6 20. Rxf8+ Rxf8 21. Rf1 Rxf1+ 22. Qxf1 Bc8 23. Qf3 Qf5 24. Qxf5 Bxf5 25. Kf2 Be6 26. Bf1 Kg8 27. Bd3 c5 28. Kf3 Kf7 29. Bc2 h6 30. a3 Bd7 31. h4 c4 32. Bd2 a5 33. h5 Bd8 34. g4 b5 35. Bg6+ Kf8 36. Bc3 Bb6 37. Kf4 Be6 38. Bf5 Kf7 39. Bg6+ Ke7 40. g5 Kd7 41. Bf5 Bd8 42. gxh6 gxh6 43. Kg4 Bb6 44. Kf4 b4 45. axb4 axb4 46. Bxb4 Bxd4 47. Ba3 Bg1 48. Bd6 Bh2+ 49. Kg4 d4 50. Bf8 Bxe5 51. Bxh6 d3 52. Bg5 Bxb2 53. h6 Bh8 54. Bxe6+ Kxe6 55. Kf3 Bf6 56. Bc1 Kd5 57. h7 c3 58. Bg5 Bh8 59. Kf2 Kc4 60. Ke3 Bd4+ 61. Kf3 Bg7 62. Bh6 Bh8 63. Ke3 Bd4+ 64. Kf3 c2 65. Bd2 1/2-1/2

[Event "Liberec op 18th"]
[Site "Liberec"]
[Date "2018.02.24"]
[Round "1"]
[White "Krajinski, Lutz"]
[Black "Gurack, Daniel"]
[Result "0-1"]
[WhiteElo "1603"]
[BlackElo "2084"]
[PlyCount "58"]
[EventDate "2018.02.24"]
[EventType "swiss"]
[EventRounds "9"]
[EventCountry "CZE"]
[SourceTitle "CBM 183 Extra"]
[Source "ChessBase"]
[SourceDate "2018.04.19"]
[SourceVersion "1"]
[SourceVersionDate "2018.04.19"]
[SourceQuality "1"]

1. c4 e6 2. Nc3 d5 3. e3 Nf6 4. Nf3 Be7 5. b3 0-0 6. Bb2 b6 7. Be2 Bb7 8. Qc2 c5 9. d4 Nbd7 10. 0-0 Rc8 11. Rac1 Qc7 12. Rfd1 cxd4 13. Nxd4 Qb8 14. Qb1 dxc4 15. Bxc4 Ne5 16. Be2 Neg4 17. g3 Qa8 18. h3 Ne5 19. f4 Nf3+ 20. Kf2 Nxd4 21. Rxd4 Bc5 22. Rc4 a5 23. f5 Rfe8 24. Nd1 Ne4+ 25. Ke1 exf5 26. Bf3 Qb8 27. Bd4 Qxg3+ 28. Ke2 Qh2+ 29. Kd3 Qd2# 0-1

[Event "Hradec Kralove op 8th"]
[Site "Hradec Kralove"]
[Date "2017.10.08"]
[Round "9"]
[White "Gurack, Daniel"]
[Black "Stein, Robert"]
[Result "1/2-1/2"]
[WhiteElo "2075"]
[BlackElo "2253"]
[PlyCount "53"]
[EventDate "2017.10.01"]
[EventType "swiss"]
[EventRounds "9"]
[EventCountry "CZE"]
[SourceTitle "CBM 181 Extra"]
[Source "ChessBase"]
[SourceDate "2017.12.12"]
[SourceVersion "1"]
[SourceVersionDate "2017.12.12"]
[SourceQuality "1"]

1. e4 e6 2. d4 d5 3. Nc3 Bb4 4. exd5 exd5 5. Bd3 Nc6 6. Nge2 Nge7 7. a3 Bxc3+ 8. bxc3 Bf5 9. 0-0 Qd7 10. Nf4 0-0-0 11. a4 h5 12. Re1 g5 13. Bxf5 Qxf5 14. Nd3 Ng6 15. Re3 g4 16. Nc5 b6 17. Nb3 h4 18. Qd3 Qf6 19. a5 Rh5 20. axb6 cxb6 21. Qe2 Qf5 22. Rxa7 Nxa7 23. Qa6+ Kc7 24. Qxa7+ Kc6 25. Qa4+ Kc7 26. Qa7+ Kc6 27. Qa4+ 1/2-1/2

[Event "Hradec Kralove op 8th"]
[Site "Hradec Kralove"]
[Date "2017.10.06"]
[Round "7"]
[White "Urban, Marek"]
[Black "Gurack, Daniel"]
[Result "0-1"]
[WhiteElo "1660"]
[BlackElo "2075"]
[PlyCount "80"]
[EventDate "2017.10.01"]
[EventType "swiss"]
[EventRounds "9"]
[EventCountry "CZE"]
[SourceTitle "CBM 181 Extra"]
[Source "ChessBase"]
[SourceDate "2017.12.12"]
[SourceVersion "1"]
[SourceVersionDate "2017.12.12"]
[SourceQuality "1"]

1. d4 e6 2. Nf3 Nf6 3. Bg5 b6 4. Nbd2 h6 5. Bf4 Bb7 6. e3 Be7 7. Bd3 d6 8. e4 Nbd7 9. Qe2 Nh5 10. Be3 Nhf6 11. Bf4 g5 12. Bg3 Nh5 13. 0-0-0 Bf8 14. Ne1 Nxg3 15. hxg3 Qe7 16. f4 0-0-0 17. Ba6 Bg7 18. Nb3 Kb8 19. Bxb7 Kxb7 20. Nd3 Nb8 21. Kb1 c6 22. e5 d5 23. Rc1 Rdg8 24. c4 dxc4 25. Rxc4 Rc8 26. Rhc1 Rhd8 27. Qe4 Bf8 28. Nb4 Qd7 29. a4 a5 30. Na2 Na6 31. Qc2 Qd5 32. Qe2 Bb4 33. R1c2 gxf4 34. gxf4 Rg8 35. Nbc1 Rg6 36. Nd3 Rcg8 37. Naxb4 axb4 38. Ne1 Rc8 39. Nd3 b3 40. Ne1 bxc2+ 0-1

[Event "Hradec Kralove op 7th"]
[Site "Hradec Kralove"]
[Date "2016.10.06"]
[Round "7"]
[White "Gurack, Daniel"]
[Black "Jirasek, Pavel"]
[Result "1/2-1/2"]
[WhiteElo "2050"]
[BlackElo "2315"]
[PlyCount "102"]
[EventDate "2016.10.01"]
[EventType "swiss"]
[EventRounds "9"]
[EventCountry "CZE"]
[SourceTitle "EXT 2017"]
[Source "ChessBase"]
[SourceDate "2016.10.25"]
[SourceVersion "1"]
[SourceVersionDate "2016.10.25"]
[SourceQuality "1"]

1. e4 c5 2. Nf3 Nc6 3. d4 cxd4 4. Nxd4 e5 5. Nb5 d6 6. N1c3 a6 7. Na3 Be7 8. Nd5 Nf6 9. Nxf6+ Bxf6 10. Nc4 Be7 11. Be3 Rb8 12. Bb6 Qd7 13. c3 0-0 14. Bd3 Bd8 15. 0-0 Qe7 16. a4 Be6 17. Bxd8 Rfxd8 18. Ne3 Qc7 19. Bc4 Ne7 20. Bd5 b5 21. Qd2 Bxd5 22. Nxd5 Nxd5 23. Qxd5 bxa4 24. Rxa4 Rxb2 25. Rxa6 g6 26. h3 Qxc3 27. Rxd6 Rxd6 28. Qxd6 Kg7 29. Qd1 Rd2 30. Qf3 Rd3 31. Qe2 Qd4 32. Re1 Qc3 33. Rd1 Rd4 34. Re1 h5 35. Qe3 Qb4 36. h4 Rd3 37. Qe2 Qd4 38. Rf1 Qd8 39. g3 Rd2 40. Qe3 Rd3 41. Qe2 Qd4 42. Kg2 Qd6 43. Re1 Rd4 44. Qe3 Qc6 45. Kg1 Qc2 46. Qe2 Rd2 47. Qe3 Rd3 48. Qe2 Qc3 49. Kg2 Qd4 50. Rf1 Kh6 51. Re1 Kg7 1/2-1/2

[Event "Novy Bor op 3rd"]
[Site "Novy Bor"]
[Date "2012.02.14"]
[Round "4"]
[White "Bradac, Daniel"]
[Black "Gurack, Daniel"]
[Result "1-0"]
[WhiteElo "1894"]
[BlackElo "2124"]
[PlyCount "97"]
[EventDate "2012.02.11"]
[EventType "swiss"]
[EventRounds "9"]
[EventCountry "CZE"]
[SourceTitle "CBM 147 Extra"]
[Source "ChessBase"]
[SourceDate "2012.04.24"]
[SourceVersion "1"]
[SourceVersionDate "2012.04.24"]
[SourceQuality "1"]

1. e4 e6 2. Nc3 d5 3. d4 Bb4 4. a3 Bxc3+ 5. bxc3 Ne7 6. e5 c5 7. Nf3 h6 8. Bd3 b6 9. 0-0 Ba6 10. Be3 Bxd3 11. Qxd3 Nd7 12. Rab1 Qc7 13. Nd2 Rc8 14. Rfc1 Nf5 15. g4 Nxe3 16. Qxe3 cxd4 17. cxd4 Qc3 18. Qxc3 Rxc3 19. Rb3 Rc7 20. c4 0-0 21. Rbc3 Rfc8 22. f4 Nb8 23. Kf2 dxc4 24. Rxc4 Rxc4 25. Rxc4 Rxc4 26. Nxc4 Nc6 27. Ke3 Ne7 28. Nd6 a6 29. f5 Nd5+ 30. Kd3 Kf8 31. Ne4 Ke7 32. Nd6 Kf8 33. Nc4 Ke7 34. Ne3 Nxe3 35. Kxe3 g6 36. Ke4 b5 37. d5 gxf5+ 38. gxf5 exd5+ 39. Kxd5 Kd7 40. h4 h5 41. Kc5 Kc7 42. f6 Kd7 43. Kb6 Ke6 44. Kxa6 Kxe5 45. Kxb5 Kxf6 46. a4 Ke5 47. a5 f5 48. a6 f4 49. a7 1-0

[Event "Oberliga Nord O 0708"]
[Site "Germany"]
[Date "2008.03.09"]
[Round "7.3"]
[White "Kurz, Alexander"]
[Black "Gurack, Daniel"]
[Result "1-0"]
[WhiteElo "2288"]
[BlackElo "2152"]
[PlyCount "77"]
[EventDate "2007.10.21"]
[EventType "team-tourn"]
[EventRounds "9"]
[EventCountry "GER"]
[SourceTitle "EXT 2009"]
[Source "ChessBase"]
[SourceDate "2008.11.26"]
[SourceVersion "1"]
[SourceVersionDate "2008.11.26"]
[SourceQuality "1"]
[WhiteTeam "Berlin SF"]
[BlackTeam "Eberswalde"]
[WhiteTeamCountry "GER"]
[BlackTeamCountry "GER"]

1. d4 e6 2. e4 d5 3. e5 c5 4. c3 Nc6 5. Nf3 Qb6 6. a3 c4 7. Nbd2 f6 8. Be2 Qc7 9. 0-0 Nh6 10. b3 fxe5 11. Nxe5 Nxe5 12. dxe5 cxb3 13. Nxb3 Nf7 14. f4 Bd7 15. a4 Rc8 16. Kh1 Qxc3 17. Rf3 Qc2 18. Qe1 Qe4 19. Be3 Bb4 20. Qf2 Bc3 21. Rc1 Bb4 22. Rf1 b6 23. Bxb6 axb6 24. Bd3 Be1 25. Rxe1 Qb4 26. Nd4 0-0 27. f5 Ng5 28. Rg3 Ne4 29. Bxe4 dxe4 30. f6 g6 31. h4 Rc4 32. Rxe4 Rc1+ 33. Kh2 Qb1 34. Rgg4 Rh1+ 35. Kg3 Kf7 36. Nf3 h6 37. Qd2 Ke8 38. Qd6 Rf7 39. Qb8+ 1-0

[Event "Bad Woerishofen op 24th"]
[Site "Bad Woerishofen"]
[Date "2008.03.06"]
[Round "8"]
[White "Schatz, Christian"]
[Black "Gurack, Daniel"]
[Result "1/2-1/2"]
[WhiteElo "2227"]
[BlackElo "2152"]
[PlyCount "67"]
[EventDate "2008.02.28"]
[EventType "swiss"]
[EventRounds "9"]
[EventCountry "GER"]
[SourceTitle "CBM 123 Extra"]
[Source "ChessBase"]
[SourceDate "2008.05.06"]
[SourceVersion "1"]
[SourceVersionDate "2008.05.06"]
[SourceQuality "1"]

1. Nf3 d5 2. c4 d4 3. g3 Nc6 4. d3 e5 5. Bg2 Nf6 6. 0-0 Be7 7. b4 Nd7 8. a3 0-0 9. e3 dxe3 10. Bxe3 Bf6 11. Ra2 Nd4 12. Nc3 g6 13. Bh6 Bg7 14. Bxg7 Kxg7 15. Nxd4 exd4 16. Nb5 c5 17. Qa1 Qf6 18. Nc7 Rb8 19. bxc5 Kh8 20. Nb5 Nxc5 21. Qxd4 Qxd4 22. Nxd4 Nxd3 23. Rd2 Nc5 24. Rb1 Be6 25. Nxe6 fxe6 26. Rd6 b6 27. f4 Rbd8 28. Rbd1 Rxd6 29. Rxd6 Re8 30. Rc6 Re7 31. Kf2 e5 32. Bd5 exf4 33. gxf4 Kg7 34. Kf3 1/2-1/2

[Event "Oberliga Nord O 0708"]
[Site "Germany"]
[Date "2008.01.20"]
[Round "5.3"]
[White "Haessler, Wolfgang"]
[Black "Gurack, Daniel"]
[Result "1/2-1/2"]
[WhiteElo "2251"]
[BlackElo "2152"]
[PlyCount "79"]
[EventDate "2007.10.21"]
[EventType "team-tourn"]
[EventRounds "9"]
[EventCountry "GER"]
[SourceTitle "EXT 2009"]
[Source "ChessBase"]
[SourceDate "2008.11.26"]
[SourceVersion "1"]
[SourceVersionDate "2008.11.26"]
[SourceQuality "1"]
[WhiteTeam "Friesen Lichtenberg"]
[BlackTeam "Eberswalde"]
[WhiteTeamCountry "GER"]
[BlackTeamCountry "GER"]

1. e4 e6 2. d4 d5 3. Nd2 c5 4. Ngf3 Nc6 5. Bb5 Bd6 6. exd5 exd5 7. dxc5 Bxc5 8. Nb3 Bd6 9. 0-0 Nge7 10. Re1 h6 11. c3 Bg4 12. Qd4 Bxf3 13. Qxg7 Kd7 14. Qf6 Be4 15. Bf4 Nf5 16. Qxf7+ Qe7 17. Qxe7+ Nfxe7 18. Bxd6 Kxd6 19. Rad1 Bc2 20. Rd2 Bxb3 21. axb3 a6 22. Bf1 Rad8 23. g3 Rhf8 24. Bg2 a5 25. f4 Rf6 26. Red1 Kc5 27. Rd3 Rfd6 28. g4 Ng6 29. Rf1 Rf6 30. f5 Nge5 31. Rg3 d4 32. h4 d3 33. g5 Rff8 34. Be4 hxg5 35. hxg5 Ne7 36. f6 N7g6 37. Rd1 Nf4 38. Kf2 b5 39. Ke3 Nfg6 40. Bxg6 1/2-1/2

[Event "BL2-Nord 0607"]
[Site "Germany"]
[Date "2007.04.01"]
[Round "8.8"]
[White "Schwekendiek, Ulrich"]
[Black "Gurack, Daniel"]
[Result "1-0"]
[WhiteElo "2270"]
[BlackElo "2185"]
[PlyCount "93"]
[EventDate "2006.10.15"]
[EventType "team-tourn"]
[EventRounds "9"]
[EventCountry "GER"]
[SourceTitle "EXT 2008"]
[Source "ChessBase"]
[SourceDate "2007.11.25"]
[SourceVersion "1"]
[SourceVersionDate "2007.11.25"]
[SourceQuality "1"]
[WhiteTeam "Pankow Rotation"]
[BlackTeam "Ruedersdorf"]
[WhiteTeamCountry "GER"]
[BlackTeamCountry "GER"]

1. e4 e6 2. d4 d5 3. e5 c5 4. c3 Nc6 5. Nf3 Qb6 6. a3 c4 7. Nbd2 f6 8. b3 cxb3 9. Nxb3 Qc7 10. Bf4 Nge7 11. Bd3 Ng6 12. Bg3 f5 13. h4 Bd7 14. 0-0 b6 15. Qe2 Nge7 16. c4 g6 17. Rfc1 Bh6 18. Rc2 Qd8 19. Ng5 Bxg5 20. hxg5 0-0 21. Bf4 a5 22. Qe3 Na7 23. Nd2 Ba4 24. Rb2 Nac6 25. Bf1 Rb8 26. Rab1 dxc4 27. Nxc4 Nd5 28. Qd2 Nce7 29. Nd6 Bc6 30. Bc4 Qd7 31. Qc1 Kg7 32. Bd2 f4 33. f3 Nf5 34. Bxd5 Bxd5 35. Bxf4 Nxd4 36. Qd2 Qa4 37. Be3 Nb3 38. Qc2 Qh4 39. Rxb3 Bxb3 40. Qxb3 Qg3 41. Bd4 Qf4 42. Rd1 Qxg5 43. Qxe6 Rbc8 44. Qd5 Qe7 45. e6+ Kh6 46. Qe5 Rb8 47. Qh2+ 1-0

[Event "Prague op-A 06th"]
[Site "Prague"]
[Date "2007.01.12"]
[Round "2"]
[White "Zvara, Petr"]
[Black "Gurack, Daniel"]
[Result "1-0"]
[WhiteElo "2417"]
[BlackElo "2185"]
[PlyCount "71"]
[EventDate "2007.01.11"]
[EventType "swiss"]
[EventRounds "9"]
[EventCountry "CZE"]
[SourceTitle "CBM 116 Extra"]
[Source "ChessBase"]
[SourceDate "2007.03.07"]
[SourceVersion "1"]
[SourceVersionDate "2007.03.07"]
[SourceQuality "1"]

1. e4 e6 2. d4 d5 3. e5 c5 4. c3 Nc6 5. Nf3 Bd7 6. Be2 Nge7 7. Na3 Ng6 8. Nc2 cxd4 9. cxd4 Be7 10. 0-0 0-0 11. Nfe1 f6 12. exf6 Bxf6 13. Be3 Nge7 14. f4 g6 15. Nf3 Nf5 16. Bf2 Nd6 17. Bd3 Bg7 18. g3 Qe7 19. Qe2 Rae8 20. Rae1 Nf7 21. h4 a6 22. Kg2 Na7 23. Ne3 Qd8 24. h5 g5 25. Bb1 gxf4 26. Qc2 Ng5 27. Nxg5 Qxg5 28. Qxh7+ Kf7 29. Bg6+ Kf6 30. Kh1 f3 31. Bg1 Qxg3 32. Bh2 Qh3 33. Bf5 exf5 34. Qg6+ Ke7 35. Nxd5+ Kd8 36. Qb6+ 1-0

[Event "BL2-Nord 0506"]
[Site "Germany"]
[Date "2005.11.27"]
[Round "3.8"]
[White "Gurack, Daniel"]
[Black "Kornrumpf, Joachim"]
[Result "1-0"]
[WhiteElo "2187"]
[BlackElo "2210"]
[PlyCount "130"]
[EventDate "2005.10.23"]
[EventType "team-tourn"]
[EventRounds "9"]
[EventCountry "GER"]
[SourceTitle "EXT 2007"]
[Source "ChessBase"]
[SourceDate "2006.11.23"]
[SourceVersion "1"]
[SourceVersionDate "2006.11.23"]
[SourceQuality "1"]
[WhiteTeam "Ruedersdorf"]
[BlackTeam "Preetz"]
[WhiteTeamCountry "GER"]
[BlackTeamCountry "GER"]

1. e4 c5 2. Nf3 e6 3. Nc3 a6 4. d4 cxd4 5. Nxd4 Qc7 6. Be2 Nf6 7. 0-0 Be7 8. Bf3 d6 9. Re1 Nbd7 10. g3 Rb8 11. a4 b6 12. Bg2 Bb7 13. f4 0-0 14. Be3 Rfd8 15. Bf2 Bf8 16. Nb3 Rbc8 17. h3 Qb8 18. Qe2 Qa8 19. g4 g6 20. Bh4 Re8 21. Rad1 Be7 22. Bg3 Nc5 23. Nxc5 bxc5 24. e5 Nd5 25. Ne4 dxe5 26. fxe5 f5 27. exf6 Nxf6 28. Nd6 Bxd6 29. Rxd6 Bxg2 30. Qxg2 Qxg2+ 31. Kxg2 Kf7 32. Rxa6 Nd5 33. c4 Nb4 34. Rf1+ Kg8 35. Ra7 Nc6 36. Rd7 Red8 37. Rff7 Rxd7 38. Rxd7 Na5 39. Be5 Nxc4 40. Rg7+ Kf8 41. Rxh7 Rc6 42. Bc3 Ne3+ 43. Kf3 Nd5 44. Be5 Ra6 45. h4 Rxa4 46. h5 gxh5 47. gxh5 Rh4 48. h6 Rh5 49. Bg7+ Kg8 50. Rh8+ Kf7 51. Rc8 Rf5+ 52. Kg3 Kg6 53. Rxc5 Ne7 54. Rc7 Ng8 55. Rc6 Nxh6 56. Bxh6 Kxh6 57. Rxe6+ Kg5 58. Re8 Rb5 59. Re2 Rb3+ 60. Kf2 Kf4 61. Rd2 Ke4 62. Ke2 Rb7 63. Kd1 Ke3 64. Kc1 Rc7+ 65. Rc2 Rb7 1-0